UEFA Champions League Sieger? #4 - Statistiken

Allgemein
  • Dieses Quiz wurde 228 mal gespielt
  • Das Durchschnittsergebnis liegt bei 9 aus 10
Antwortstatistiken
Hint Antwort % Korrekt
Manchester City Ja
99%
Ajax Amsterdam Ja
98%
Inter Mailand Ja
98%
Fenerbahçe Istanbul Nein
98%
FC Basel Nein
95%
Deportivo La Coruña Nein
94%
Olympiakos Piräus Nein
90%
Roter Stern Belgrad Ja
88%
FC Sevilla Nein
88%
Olympique Marseille Ja
87%
Keine übereinstimmenden Quizze gefunden
Verteilung der Resultate
Anzahl Personen mit jedem Resultat
Perzentil nach korrekt beantworteten Fragen
Ihre Resultats-Entwicklung
Sie haben dieses Quiz noch nicht gespielt